000 00596nam a2200181Ia 4500
008 151202s9999||||xx |||||||||||||| ||und||
082 _bPNVM-69603
100 _aढवळे विजय.
245 _aतारे आणि सितारे.
260 _b"नवचैतन्य प्रकाशन,बोरोवली."
260 _c69603
300 _a280
600 _aढवळे विजय.
630 _aतारे आणि सितारे.
700 _aढवळे विजय.
730 _aतारे आणि सितारे.
942 _cBOOK
999 _c1336113
_d1336110